| 000 | 03104 a2200301 4500 | ||
|---|---|---|---|
| 003 | OSt | ||
| 005 | 20180116192329.0 | ||
| 008 | 120508t xxu||||| |||| 00| 0 eng d | ||
| 020 | _a0500283451 (paperback) | ||
| 020 | _a9780500283455 (paperback) | ||
| 040 | _c0 | ||
| 082 | 0 | 4 | _a726.2 |
| 245 | 1 | 4 |
_aThe mosque : _bhistory, architectural development & regional diversity / _cMartin Frishman, Hasan-Uddin Khan. |
| 260 |
_aLondon : _bThames & Hudson, _c2002. |
||
| 300 |
_a288 p. ; _bill;. _c30 cm. |
||
| 500 | _aIncludes bibliographycal refrences & indexe | ||
| 520 | _aAs the outward and visible symbol of Islam, mosques can be found in all parts of the modern world. The mosque remains central to Islam, serving as the focal point for Muslim communities around the globe. This book, with contributions by sixteen eminent scholars, traces the history and development of the mosque since its origins in Medina and Mecca in the time of the Prophet Muhammad, explaining its traditional religious and teaching role in Muslim society as well as its architectural and decorative features. In the course of its spread from its origins in Arabia, Islam often took over and adapted existing places of worship and styles of building as it gained a foothold from Spain and sub-Saharan Africa to China and Indonesia. The development of the mosque and its architecture is presented region by region, taking into account local building material, climatic factors, and craft skills, as well as major historical events such as the rise of the Ottoman and Mughal Empires.The physical form of the mosque is analyzed and illustrated with plans, elevations, and photographs, and its modern role as a religious and social institution is reviewed in the light of political developments. Contemporary mosques worldwide are discussed in a separate chapter, encompassing both those built by leading Muslim architects such as Abdel Wahid el-Wakil and Hassan Fathy and those built by Western architects.Richly illustrated with material drawn from a wide range of sources, this book provides comprehensive coverage of the architecture of the mosque, and it serves as an invaluable guide to an understanding of the mosque's role in Muslim society and culture throughout the world. With texts by Mohammed Arkoun, Mohammad Al-Asad, Antonio Fernández-Puertas, Martin Frishman, Oleg Grabar, Perween Hasan, Mark Horton, Hasan-Uddin Khan, Do˜gan Kuban, Luo Xiaowei, Gülru Neçipoglu, Bernard O'Kane, Hugh O'Neill, Labelle Prussin, Ismail Serageldin, and Wheeler M. Thackston. 378 illustrations and photographs, 170 in color. | ||
| 650 |
_aMosques _91161 |
||
| 650 |
_aIslamic architecture _91162 |
||
| 650 |
_aMinarets _xarchitecture _91163 |
||
| 650 |
_aMosques _xarchitecture _91164 |
||
| 700 | 1 |
_aFrishman, Martin. _91165 |
|
| 700 | 1 |
_aKhan, Hasan-Uddin. _91166 |
|
| 856 | 4 | 0 |
_3Amazon.com _uhttp://www.amazon.com/exec/obidos/ASIN/0500283451/chopaconline-20 |
| 942 |
_aSADA _cBK _k726.2 MOS 2002 _2ddc |
||
| 999 |
_c352302 _d352302 |
||